| 000 | 00389nam a22001577a 4500 | ||
|---|---|---|---|
| 003 | MACL | ||
| 005 | 20151125122812.0 | ||
| 008 | 151125b xxu||||| |||| 00| 0 eng d | ||
| 040 | _cMACL | ||
| 041 | _aEnglish | ||
| 082 | _a020/NAI | ||
| 100 |
_aNair,P Thankappan _918159 |
||
| 245 | _aFirst Circulating and College Libraries of Calcutta | ||
| 650 |
_aLibrary _918160 |
||
| 942 |
_2ddc _cBK |
||
| 999 |
_c51092 _d51092 |
||